000 00502nam a22001697u 4500
008 130405s1956 xxu||||| |||| 00| 0 ger d
041 _ager
100 1 _aCullmann, Oscar
_911288
245 0 0 _aUrchristentum und Gottesdienst...
_cOscar Cullmann
250 _a3ª ed.
260 _aZurich:
_bZwingli-Verlag,
_c1956
300 _a120 p.
_c;21 cm.
490 0 _aAbhandlungen zur Theologie des Alten und Neuen Testaments
_v3
650 0 4 _aLiturgia
_yÉpoca primitiva
_915693
942 _cBK
001 16797
999 _c241069
_d241069